Československá obchodní politika ve vztazích s vyspělými kapitalistickými státy

Gespeichert in:
Bibliographische Detailangaben
1. Verfasser: Černohubý, Milan
Format: Buch
Sprache:Tschechisch
Veröffentlicht: Praha Československá obchodní a průmyslová komora 1987
Tags: Tag hinzufügen
Keine Tags, Fügen Sie das erste Tag hinzu!

MARC

LEADER 00000nam a2200000 4500
001 c023651
005 20250515080620.9
041 0 |a cze 
044 |a CZ 
245 1 0 |a Československá obchodní politika ve vztazích s vyspělými kapitalistickými státy  |c Milan Černohubý 
264 1 |a Praha  |b Československá obchodní a průmyslová komora  |c 1987 
300 |a 167 s. 
100 1 |a Černohubý, Milan